000 00703naa a2200229 i 4500
001 10721
003 ES-MaBCM
005 20241016091506.0
008 900713s1989 esp 000 0 spa d
021 _axx
035 _a(OCoLC)1365120912
040 _cES-MaBCM
041 0 _aspa
043 _aesp
100 1 _aHillers, Sigfredo
_922199
245 1 0 _aRandglossen (notas marginales) a la Constitución de 1978
_cSigfredo Hillers
650 2 7 _aConstitución
_958077
651 2 4 _aEspaña
_9115342
773 0 _aEn:
_tRevista de la Facultad de Derecho de la Universidad Complutense
_dMadrid : 1989
_w104546
_gnº 15 ; p. 527-574
942 _cAREV
999 _c10721
_d10721
610 _9118395
_aEspaña.
_tConstitución, 1978